[Event "60o Campeonato Brasileiro Feminino Final Aberta"]
[Site "Cuiaba MT"]
[Date "2021.10.30"]
[Round "4"]
[Board "10"]
[White "Do Amaral Vailant, Helena Kether"]
[Black "Medeiros, Thauane Ferreira"]
[Result "0-1"]
[WhiteElo "1414"]
[BlackElo "1896"]
[PlyCount "130"]
[EventDate "2021.10.28"]
[EventRounds "11"]
[EventCountry "BRA"]

1. e4 c5 2. Nc3 Nc6 3. Bb5 e6 4. Bxc6 bxc6 5. d3 d6 6. Nge2 g6 7. Bd2 Bg7 8.
O-O Ne7 9. Qc1 f5 10. Bh6 O-O 11. Bxg7 Kxg7 12. Kh1 Ng8 13. f4 d5 14. e5 Nh6
15. Nd1 Ba6 16. Nf2 c4 17. Nd4 Qd7 18. Rd1 c5 19. Ne2 cxd3 20. cxd3 Rfc8 21. b3
Rc7 22. Ng1 Rac8 23. Ngh3 Nf7 24. g4 Qc6 25. d4 cxd4 26. Qxc6 Rxc6 27. gxf5
gxf5 28. Rxd4 Be2 29. Ng1 Rc2 30. Nd1 Bxd1 31. Raxd1 Rxa2 32. R1d2 Ra1 33. Kg2
Rb1 34. R4d3 a5 35. Ra2 Rc5 36. Nf3 Kf8 37. Nd4 Ke7 38. Rc2 Rxc2+ 39. Nxc2 Rb2
40. Rd2 Rxb3 41. Nd4 Rc3 42. Ra2 Rc4 43. Ne2 a4 44. Kf2 Nd8 45. Ke3 Nc6 46. Ra3
Nb4 47. Kd2 Rc2+ 48. Kd1 Ra2 49. Rxa2 Nxa2 50. Kc2 Nb4+ 51. Kb2 Kf7 52. Ka3 Nd3
53. Kxa4 Kg6 54. Kb5 Kh5 55. Kc6 Kg4 56. Kd6 Nxf4 57. Nxf4 Kxf4 58. Kxe6 d4 59.
Kf6 d3 60. e6 d2 61. e7 d1=Q 62. e8=Q Qd6+ 63. Kf7 Qg6+ 64. Ke7 Qxe8+ 65. Kxe8
Ke5  0-1

[Event "60o Campeonato Brasileiro Feminino Final Aberta"]
[Site "Cuiaba MT"]
[Date "2021.10.30"]
[Round "4"]
[Board "11"]
[White "Menezes, Grasielle Da Silv"]
[Black "Reis, Virginia Lagrange M."]
[Result "1-0"]
[WhiteElo "1868"]
[BlackElo "1741"]
[PlyCount "73"]
[EventDate "2021.10.28"]
[EventRounds "11"]
[EventCountry "BRA"]

1. d4 Nf6 2. c4 c5 3. d5 b5 4. cxb5 a6 5. bxa6 Bxa6 6. Nc3 g6 7. e4 Bxf1 8.
Kxf1 d6 9. Nf3 Bg7 10. g3 O-O 11. Kg2 Nbd7 12. Qe2 Qa5 13. Bd2 Rfb8 14. Rhb1
Qc7 15. a4 Rb6 16. Nb5 Qb8 17. Bc3 Ne8 18. Bxg7 Kxg7 19. Nd2 Nc7 20. Nxc7 Qxc7
21. Nc4 Rb4 22. b3 Nb6 23. Na3 Qb7 24. Nc2 Nxa4 25. Nxb4 Nc3 26. Qb2 cxb4 27.
Rxa8 Qxa8 28. Ra1 Qb7 29. f3 f6 30. Qf2 Qb5 31. Qe3 g5 32. h4 h6 33. hxg5 hxg5
34. f4 g4 35. f5 Kf7 36. Qh6 Nxd5 37. Qg6+  1-0

[Event "60o Campeonato Brasileiro Feminino Final Aberta"]
[Site "Cuiaba MT"]
[Date "2021.10.30"]
[Round "4"]
[Board "12"]
[White "Sandrim Juliao, Tais"]
[Black "Nakata, Thifanni Harumi"]
[Result "0-1"]
[WhiteElo "1712"]
[BlackElo "1778"]
[PlyCount "118"]
[EventDate "2021.10.28"]
[EventRounds "11"]
[EventCountry "BRA"]

1. e4 c5 2. c4 Nc6 3. Nc3 g6 4. Nge2 Bg7 5. g3 e6 6. Bg2 Nge7 7. O-O O-O 8. d3
d6 9. Be3 Nd4 10. Qd2 Re8 11. Rab1 Nec6 12. Bxd4 Nxd4 13. Nxd4 Bxd4 14. Ne2 e5
15. Nxd4 cxd4 16. f4 f6 17. Rf2 Kg7 18. Rbf1 Bd7 19. fxe5 dxe5 20. Rxf6 Qxf6
21. Rxf6 Kxf6 22. Qb4 Bc6 23. Bh3 Kg7 24. Qc5 a5 25. b3 h5 26. a3 Kh6 27. Qd6
Kg5 28. Qc5 h4 29. gxh4+ Kxh4 30. Bf1 Kg4 31. Qd6 Kg5 32. h4+ Kxh4 33. Qf6+ Kh5
34. Be2+ Kh6 35. Bg4 Ra6 36. Qh4+ Kg7 37. Qg5 Kf7 38. Kf2 Rb6 39. Bd1 Bd7 40.
Qh6 Rf8 41. Kg3 Rg8 42. Qg5 Re8 43. Qh4 Kg7 44. Qg5 Bc8 45. c5 Rf6 46. b4 axb4
47. axb4 Rf1 48. Bf3 Rg1+ 49. Bg2 Rd1 50. b5 Rxd3+ 51. Bf3 Rf8 52. Qxe5+ Kh6
53. Kh4 Rdxf3 54. Qg5+ Kg7 55. Qe5+ Kh6 56. Qg5+ Kh7 57. Qe7+ R8f7 58. Qd6
R7f4+ 59. Kg5 Rg4#  0-1

[Event "60o Campeonato Brasileiro Feminino Final Aberta"]
[Site "Cuiaba MT"]
[Date "2021.10.30"]
[Round "4"]
[Board "13"]
[White "Dias, Juliane De Oliveira"]
[Black "Kikuchi Cadilhac, Mariana Sawae"]
[Result "0-1"]
[WhiteElo "1673"]
[BlackElo "1762"]
[PlyCount "142"]
[EventDate "2021.10.28"]
[EventRounds "11"]
[EventCountry "BRA"]

1. e4 e5 2. Nf3 Nc6 3. Bc4 Bc5 4. c3 Nf6 5. d4 exd4 6. cxd4 Bb4+ 7. Bd2 Bxd2+
8. Nbxd2 O-O 9. e5 Ne8 10. O-O d6 11. Qc2 g6 12. Rad1 Bg4 13. Be2 dxe5 14. dxe5
Nxe5 15. Ne4 Nd7 16. Ne5 Bf5 17. Nxd7 Bxd7 18. Nc5 Nd6 19. Bf3 Rb8 20. Rfe1 Bf5
21. Be4 Re8 22. Qc3 Qg5 23. Bf3 Rxe1+ 24. Rxe1 Bg4 25. Bxg4 Qxg4 26. h3 Qc4 27.
Qxc4 Nxc4 28. b3 Nd6 29. Re7 Rc8 30. f3 Kf8 31. Re2 Re8 32. Nd7+ Kg7 33. Rc2 c6
34. Rd2 Nf5 35. Nc5 b6 36. Ne4 Re7 37. Kf2 c5 38. a3 Nd4 39. b4 Ne6 40. bxc5
Nxc5 41. Nxc5 bxc5 42. Rc2 Rc7 43. Ke3 Kf6 44. Ke4 Ke6 45. Re2 Kd6 46. Rd2+ Ke6
47. Re2 f5+ 48. Kd3+ Kd5 49. f4 c4+ 50. Kc3 Kc5 51. Re5+ Kb6 52. Rd5 Re7 53.
Re5 Rc7 54. Rd5 Rc5 55. Rd7 Ra5 56. Kb4 c3 57. Kxc3 Rxa3+ 58. Kb2 Rg3 59. Rxh7
Rxg2+ 60. Kb3 Rg3+ 61. Kb2 a5 62. Rg7 a4 63. Rg8 Kc5 64. Ra8 a3+ 65. Ka2 Rxh3
66. Ra6 Rg3 67. Ra8 Kd5 68. Re8 Rf3 69. Rg8 Rxf4 70. Rxg6 Rf3 71. Rf6 Ke5  0-1

[Event "60o Campeonato Brasileiro Feminino Final Aberta"]
[Site "Cuiaba MT"]
[Date "2021.10.30"]
[Round "4"]
[Board "14"]
[White "Felix, Luiza De Oliveira"]
[Black "Dull, Amanda Paul"]
[Result "1/2-1/2"]
[WhiteElo "1599"]
[BlackElo "1847"]
[PlyCount "97"]
[EventDate "2021.10.28"]
[EventRounds "11"]
[EventCountry "BRA"]

1. c4 e5 2. g3 f5 3. Bg2 Nf6 4. d3 Nc6 5. Nf3 Bb4+ 6. Bd2 Bxd2+ 7. Nfxd2 d6 8.
Nc3 Be6 9. Rb1 O-O 10. b4 Rb8 11. a4 Qe8 12. O-O f4 13. Nde4 Qh5 14. Nxf6+ Rxf6
15. Ne4 Rh6 16. h4 Nd4 17. Bf3 Qf5 18. Ng5 Nxf3+ 19. exf3 fxg3 20. fxg3 Qg6 21.
Rb2 Rf8 22. Kg2 Qf6 23. Nxe6 Qxe6 24. Qc1 Qg6 25. Qe3 b6 26. Qe4 Qf6 27. Re2
Kh8 28. c5 bxc5 29. bxc5 Qf7 30. cxd6 Rxd6 31. Rc2 h6 32. Qxe5 Rxd3 33. Rxc7
Rd2+ 34. Kg1 Rd7 35. Rfc1 Re8 36. Rxd7 Qxd7 37. Qf4 Qe6 38. Rb1 Qe7 39. Rb8
Qe1+ 40. Kg2 Qe2+ 41. Kh3 Qf1+ 42. Kg4 Qe2 43. Rxe8+ Qxe8 44. Kh3 a5 45. g4 Qe7
46. g5 Qb4 47. Kg4 h5+ 48. Kg3 Qe1+ 49. Kh3  1/2-1/2

[Event "60o Campeonato Brasileiro Feminino Final Aberta"]
[Site "Cuiaba MT"]
[Date "2021.10.30"]
[Round "4"]
[Board "15"]
[White "Bonfim, Regina Rodrigues"]
[Black "Zago, Caroline Datora"]
[Result "0-1"]
[WhiteElo "1702"]
[BlackElo "1634"]
[PlyCount "112"]
[EventDate "2021.10.28"]
[EventRounds "11"]
[EventCountry "BRA"]

1. c4 e5 2. g3 f5 3. d3 Nf6 4. Bg2 g6 5. Nc3 Bg7 6. Nf3 d6 7. Bg5 Nbd7 8. O-O
O-O 9. Qc1 c6 10. Rb1 a5 11. b3 Re8 12. e4 Nc5 13. Ne1 Qe7 14. a3 Qf7 15. b4
Ne6 16. Be3 Ng4 17. Bb6 axb4 18. axb4 Ra6 19. Be3 f4 20. Bd2 g5 21. h3 Nd4 22.
hxg4 Bxg4 23. f3 Be6 24. g4 d5 25. cxd5 cxd5 26. Qd1 h5 27. Bh3 Bd7 28. Rf2 Rh6
29. Rh2 hxg4 30. fxg4 f3 31. Be3 Rxh3 32. Rxh3 Bxg4 33. Nxf3 Nxf3+ 34. Rxf3
Bxf3 35. Qd2 Qh5 36. Qh2 Qxh2+ 37. Kxh2 d4 38. Bxd4 exd4 39. Nd5 g4 40. Kg3
Be5+ 41. Kf2 Rf8 42. Ne7+ Kh7 43. Nf5 Rc8 44. Rb2 Rc3 45. Rd2 Bf4 46. Rb2 Rxd3
47. Rc2 Be3+ 48. Kg3 Bxe4 49. Rc7+ Kg6 50. Ne7+ Kh5 51. Rc5+ Bg5+ 52. Kh2 g3+
53. Kh3 g2+ 54. Kh2 Rh3+ 55. Kxh3 g1=Q 56. Rxg5+ Qxg5  0-1

[Event "60o Campeonato Brasileiro Feminino Final Aberta"]
[Site "Cuiaba MT"]
[Date "2021.10.30"]
[Round "4"]
[Board "16"]
[White "Moraes Silva, Natasha Alejandra"]
[Black "Mayara Sibowicz, Giovanna"]
[Result "1-0"]
[WhiteElo "1436"]
[BlackElo "1683"]
[PlyCount "47"]
[EventDate "2021.10.28"]
[EventRounds "11"]
[EventCountry "BRA"]

1. e4 e5 2. Nf3 Nc6 3. c3 d6 4. d4 exd4 5. cxd4 Nf6 6. d5 Ne5 7. Be2 Be7 8. h3
Nxe4 9. Qa4+ Bd7 10. Qxe4 O-O 11. Nxe5 dxe5 12. O-O Bf6 13. Nc3 g6 14. Bh6 Re8
15. Bg4 Bxg4 16. Qxg4 e4 17. Nxe4 Bxb2 18. Rab1 f5 19. Qg5 Qxd5 20. Nf6+ Bxf6
21. Qxf6 Qf7 22. Qxf7+ Kxf7 23. Rxb7 Re7 24. Rc1  1-0

[Event "60o Campeonato Brasileiro Feminino Final Aberta"]
[Site "Cuiaba MT"]
[Date "2021.10.30"]
[Round "4"]
[Board "17"]
[White "Campagnolo, Fabiola"]
[Black "Bokhonok, Tatiana Dos Santos Spin"]
[Result "1/2-1/2"]
[WhiteElo "1677"]
[BlackElo "1230"]
[PlyCount "149"]
[EventDate "2021.10.28"]
[EventRounds "11"]
[EventCountry "BRA"]

1. d4 e6 2. e4 d5 3. exd5 exd5 4. c4 Nc6 5. c5 Bf5 6. Nf3 g6 7. Qb3 Qc8 8. Qxd5
Qd8 9. Qc4 Nge7 10. Nc3 Be6 11. Qd3 Bg7 12. Be3 O-O 13. a3 Bf5 14. Qd2 Nd5 15.
Rd1 Re8 16. Bc4 Nxe3 17. fxe3 Bh6 18. Nd5 Be4 19. Nxc7 Qxc7 20. O-O Bd5 21. Ne5
Bxc4 22. Nxc4 Rad8 23. Qc3 Qe7 24. Rf3 Qe4 25. Kf2 Ne5 26. Nxe5 Rxe5 27. Qd3
Qxd3 28. Rxd3 Rxc5 29. Rb3 Rc2+ 30. Kg3 Rd7 31. Rf1 Re7 32. Kf3 Re6 33. Re1 Rd2
34. Rxb7 Rxd4 35. exd4 Rxe1 36. d5 Re5 37. d6 Rd5 38. d7 Kf8 39. Ke4 Rd6 40.
Ke5 Rd2 41. Rxa7 Bg7+ 42. Ke4 Bxb2 43. a4 Ke7 44. d8=Q+ Kxd8 45. Rxf7 Rxg2 46.
Rxh7 Rg4+ 47. Kd5 Rxa4 48. Kd6 Bf6 49. Rb7 Ra6+ 50. Kd5 Ra5+ 51. Kd6 Be5+ 52.
Ke6 Bxh2 53. Kf6 g5 54. Rh7 Bf4 55. Ke6 g4 56. Rf7 Bh2 57. Rd7+ Kc8 58. Rd2 g3
59. Kf6 Kc7 60. Ke6 Kc6 61. Rc2+ Kb5 62. Kd5 Kb4+ 63. Ke4 Kb3 64. Re2 Ra2 65.
Rxa2 Kxa2 66. Kf3 Kb3 67. Kg2 Kc2 68. Kf1 Kd1 69. Kg2 Ke2 70. Kh1 Ke3 71. Kg2
Kf4 72. Kh1 Bg1 73. Kxg1 Kg4 74. Kg2 Kf4 75. Kg1  1/2-1/2

[Event "60o Campeonato Brasileiro Feminino Final Aberta"]
[Site "Cuiaba MT"]
[Date "2021.10.30"]
[Round "4"]
[Board "18"]
[White "Penha, Evelyn Maximiano"]
[Black "Muraoka, Karoline Aimy"]
[Result "1/2-1/2"]
[WhiteElo "1672"]
[BlackElo "1821"]
[PlyCount "58"]
[EventDate "2021.10.28"]
[EventRounds "11"]
[EventCountry "BRA"]

1. e4 c5 2. Nc3 d6 3. f4 Nc6 4. Nf3 e6 5. d4 cxd4 6. Nxd4 Nf6 7. Be3 Be7 8. Be2
a6 9. a4 Qc7 10. Bf3 Rb8 11. O-O Nxd4 12. Bxd4 O-O 13. Kh1 b6 14. Qd2 Bb7 15.
Qf2 Ba8 16. Rad1 Nd7 17. Qg3 Bf6 18. Bxf6 Nxf6 19. Rd3 b5 20. axb5 axb5 21. e5
dxe5 22. fxe5 Nd5 23. Nxd5 Bxd5 24. Bxd5 exd5 25. Rc3 Qe7 26. Rcf3 Rb6 27. Rf6
Re6 28. Rxe6 fxe6 29. Rxf8+ Qxf8  1/2-1/2

[Event "60o Campeonato Brasileiro Feminino Final Aberta"]
[Site "Cuiaba MT"]
[Date "2021.10.30"]
[Round "4"]
[Board "19"]
[White "Almeida, Bianca Martins"]
[Black "Brambilla, Renee Blandy T."]
[Result "1-0"]
[WhiteElo "1262"]
[BlackElo "1671"]
[PlyCount "117"]
[EventDate "2021.10.28"]
[EventRounds "11"]
[EventCountry "BRA"]

1. e4 c5 2. Nf3 Nc6 3. Bb5 e6 4. Bxc6 bxc6 5. d3 Ne7 6. Be3 Ng6 7. O-O Be7 8.
Nc3 e5 9. Qd2 d6 10. Ne2 Bg4 11. Ng3 Bxf3 12. gxf3 Nh4 13. Qe2 Bg5 14. Nh5 O-O
15. f4 Bxf4 16. Bxf4 exf4 17. Qg4 Ng6 18. Nxf4 Ne5 19. Qg3 Qd7 20. Ne2 f5 21.
Kh1 fxe4 22. dxe4 Rf3 23. Qg2 Raf8 24. Ng3 R8f6 25. h3 Ng6 26. Rae1 Ne5 27. Nf5
Rg6 28. Qh2 Nf7 29. Re3 Ng5 30. Rxf3 Nxf3 31. Qf4 Ne5 32. Qh4 Kh8 33. f4 Nf7
34. Qe7 Qxe7 35. Nxe7 Re6 36. Nxc6 Rxe4 37. Rf2 Kg8 38. a3 a6 39. Kg2 Kf8 40.
Kf3 d5 41. b4 cxb4 42. Nxb4 Rd4 43. Ke3 Rc4 44. Rd2 Re4+ 45. Kf3 Rc4 46. Rxd5
Rc3+ 47. Rd3 Rxd3+ 48. cxd3 a5 49. Nc6 a4 50. Ne5 Nd6 51. Nc4 Nb5 52. Ke4 Ke7
53. Ke5 Nc3 54. d4 Kd7 55. d5 h6 56. Kd4 Nb5+ 57. Kc5 Nc7 58. Nb6+ Ke7 59. d6+
 1-0

[Event "60o Campeonato Brasileiro Feminino Final Aberta"]
[Site "Cuiaba MT"]
[Date "2021.10.30"]
[Round "4"]
[Board "21"]
[White "Da Silva, Debora Oliveira Lopes"]
[Black "Montes, Sofia"]
[Result "1/2-1/2"]
[WhiteElo "1389"]
[BlackElo "1836"]
[PlyCount "72"]
[EventDate "2021.10.28"]
[EventRounds "11"]
[EventCountry "BRA"]

1. e4 e6 2. d3 d5 3. Nd2 Nf6 4. Ngf3 Be7 5. g3 O-O 6. Bg2 Nc6 7. O-O b6 8. Re1
Bb7 9. e5 Nd7 10. Nf1 Re8 11. h4 h6 12. N1h2 Bf8 13. Bf4 Ne7 14. h5 c5 15. c3
Nf5 16. d4 cxd4 17. cxd4 Rc8 18. Rc1 Qe7 19. a3 Rc4 20. Qd3 Rec8 21. Bh3 Ba6
22. Qd2 f6 23. Bxf5 exf5 24. Nh4 Rxc1 25. Rxc1 Rxc1+ 26. Qxc1 fxe5 27. dxe5
Nxe5 28. Nxf5 Qf6 29. Bxe5 Qxf5 30. Qc7 Qxh5 31. Qxa7 Qxe5 32. Qxa6 Qxb2 33. a4
d4 34. Qc4+ Kh8 35. Qc8 Qb4 36. Qc6 Qb1+  1/2-1/2

[Event "60o Campeonato Brasileiro Feminino Final Aberta"]
[Site "Cuiaba MT"]
[Date "2021.10.31"]
[Round "5"]
[Board "1"]
[White "Martins De Aguiar, Marina"]
[Black "Terao, Juliana Sayumi"]
[Result "0-1"]
[WhiteElo "1713"]
[BlackElo "2252"]
[PlyCount "126"]
[EventDate "2021.10.28"]
[EventRounds "11"]
[EventCountry "BRA"]

1. e4 c5 2. Nf3 e6 3. d4 cxd4 4. Nxd4 a6 5. Bd3 Bc5 6. Nf3 Nc6 7. Nc3 d6 8. O-O
Nf6 9. Qe2 e5 10. h3 h6 11. Be3 O-O 12. Rad1 Nd4 13. Bxd4 exd4 14. Nd5 Nxd5 15.
exd5 Re8 16. Qd2 Qf6 17. Be2 Bf5 18. Rfe1 Be4 19. Nxd4 Bxd5 20. Nf3 Bc6 21. b4
Bb6 22. c3 Re6 23. Nd4 Rae8 24. Bg4 Rxe1+ 25. Rxe1 Rxe1+ 26. Qxe1 Bxd4 27. cxd4
Qxd4 28. a3 Kf8 29. Qb1 Ke7 30. Qe1+ Qe4 31. Qf1 Qe5 32. Qd1 Qc3 33. Qe2+ Kd8
34. Qd1 Kc7 35. Qe2 Qa1+ 36. Kh2 Qe5+ 37. Kg1 Qxe2 38. Bxe2 Kb6 39. f4 d5 40.
Kf2 a5 41. Ke3 axb4 42. axb4 Bb5 43. Bf3 Bc4 44. Kd4 Kb5 45. Kc3 b6 46. g4 f6
47. h4 d4+ 48. Kxd4 Kxb4 49. g5 hxg5 50. fxg5 fxg5 51. hxg5 b5 52. Be4 Kb3 53.
Ke5 Kc3 54. Kf5 b4 55. Kg6 Bd3 56. Bxd3 Kxd3 57. Kxg7 b3 58. g6 b2 59. Kf7 b1=Q
60. g7 Qb7+ 61. Kg6 Qe4+ 62. Kf6 Qd5 63. Ke7 Qg8  0-1

[Event "60o Campeonato Brasileiro Feminino Final Aberta"]
[Site "Cuiaba MT"]
[Date "2021.10.31"]
[Round "5"]
[Board "2"]
[White "Da Cunha, Gabriela Goes"]
[Black "Librelato, Kathie Goulart"]
[Result "0-1"]
[WhiteElo "1588"]
[BlackElo "2165"]
[PlyCount "172"]
[EventDate "2021.10.28"]
[EventRounds "11"]
[EventCountry "BRA"]

1. d4 Nf6 2. Nf3 e6 3. c4 Bb4+ 4. Bd2 Qe7 5. g3 Nc6 6. Bg2 Bxd2+ 7. Nbxd2 O-O
8. O-O d6 9. e3 e5 10. d5 Nb8 11. Qc2 a5 12. a3 a4 13. b4 axb3 14. Nxb3 Na6 15.
Nfd2 Nd7 16. Bh3 Qg5 17. f4 Qh5 18. Bxd7 Bxd7 19. Nf3 Bh3 20. Rf2 exf4 21. exf4
Rfe8 22. Ng5 Bg4 23. Nd4 Nc5 24. Nb5 Re7 25. h3 Bc8 26. g4 Qg6 27. Qxg6 hxg6
28. Rff1 f6 29. Nf3 Kf7 30. Nfd4 Ra4 31. Rfe1 Rxc4 32. Rxe7+ Kxe7 33. Re1+ Kf7
34. f5 gxf5 35. gxf5 Bd7 36. Rb1 Ne4 37. Kg2 c6 38. Re1 cxb5 39. Rxe4 b4 40.
axb4 Rxb4 41. Rg4 b5 42. Kf2 Rc4 43. Ne6 Rxg4 44. hxg4 b4 45. Ke3 Ba4 46. Kd4
Bd1 47. g5 Bc2 48. gxf6 Kxf6 49. Kc4 Bxf5 50. Nd4 Be4 51. Kxb4 Bxd5 52. Kc3 Ke5
53. Kd3 g5 54. Ke3 g4 55. Ne2 Be4 56. Kf2 d5 57. Ke3 Bf3 58. Nd4 Bd1 59. Nc6+
Kd6 60. Nd4 Kc5 61. Nf5 Bc2 62. Nd4 Be4 63. Ne2 Kc4 64. Ng3 Bc2 65. Ne2 Bd3 66.
Nf4 d4+ 67. Kd2 Be4 68. Ne2 Bf3 69. Ng3 Kd5 70. Kd3 Ke5 71. Nf1 Be4+ 72. Kc4 d3
73. Kc3 Kf4 74. Kd2 g3 75. Ne3 Kf3 76. Nf1 g2 77. Nh2+ Kg3 78. Ng4 Kxg4 79. Ke3
g1=Q+ 80. Kxe4 Qf2 81. Kxd3 Kf4 82. Kc3 Ke4 83. Kb3 Kd4 84. Kb4 Qb2+ 85. Ka5
Kc5 86. Ka6 Qb6#  0-1

[Event "60o Campeonato Brasileiro Feminino Final Aberta"]
[Site "Cuiaba MT"]
[Date "2021.10.31"]
[Round "5"]
[Board "3"]
[White "Ichimura G. Barbosa, Larissa Y."]
[Black "De Souza, Eliana Aparecida"]
[Result "1-0"]
[WhiteElo "2007"]
[BlackElo "1673"]
[PlyCount "87"]
[EventDate "2021.10.28"]
[EventRounds "11"]
[EventCountry "BRA"]

1. e4 c5 2. Nf3 Nc6 3. d4 cxd4 4. Nxd4 e5 5. Nb5 a6 6. Nd6+ Bxd6 7. Qxd6 Qe7 8.
Qd1 Nf6 9. Nc3 h6 10. a4 Qb4 11. Bd3 d5 12. exd5 Nxd5 13. O-O Nxc3 14. bxc3
Qxc3 15. Ba3 Qd4 16. Re1 Be6 17. Qf3 f6 18. Rab1 O-O-O 19. Bxa6 Qxa4 20. Bxb7+
Kc7 21. Qc3 Rd4 22. Qc5 Qc4 23. Bxc6 Qxc5 24. Bxc5 Rc4 25. Be3 Rxc6 26. Ra1 Rb8
27. Red1 Rxc2 28. h3 Bc8 29. Bd2 Rbb2 30. Ra7+ Bb7 31. Be3 f5 32. Ra5 f4 33.
Rc5+ Bc6 34. Rxc2 Rxc2 35. Bd2 Bd5 36. Bxf4 exf4 37. Rxd5 Rc1+ 38. Kh2 Rc2 39.
f3 g6 40. h4 Kc6 41. Rd8 Rc5 42. Rg8 Rh5 43. Rxg6+ Kd5 44. Kh3  1-0

[Event "60o Campeonato Brasileiro Feminino Final Aberta"]
[Site "Cuiaba MT"]
[Date "2021.10.31"]
[Round "5"]
[Board "4"]
[White "Alboredo, Julia"]
[Black "Rodio, Julia Brunetto"]
[Result "1-0"]
[WhiteElo "2183"]
[BlackElo "1788"]
[PlyCount "85"]
[EventDate "2021.10.28"]
[EventRounds "11"]
[EventCountry "BRA"]

1. e4 c5 2. Nf3 a6 3. c3 d5 4. exd5 Qxd5 5. d4 Nf6 6. Be2 e6 7. O-O Nc6 8. Be3
Be7 9. dxc5 Qxd1 10. Rxd1 Ng4 11. b4 Nxe3 12. fxe3 Bf6 13. Nd4 Bd7 14. Nd2 Ne5
15. Ne4 Be7 16. Nb3 Bc6 17. Nd6+ Bxd6 18. cxd6 Bd5 19. Nc5 Nd7 20. Nxd7 Kxd7
21. c4 Be4 22. c5 Rhc8 23. Rac1 Bd5 24. Bf3 Bxf3 25. gxf3 Rc6 26. Rc3 Rac8 27.
Rdc1 Rb8 28. Ra3 Rbc8 29. Rd1 Ra8 30. e4 e5 31. Kf2 f6 32. h4 b6 33. Rc1 bxc5
34. bxc5 Rac8 35. Rac3 a5 36. h5 a4 37. Ke3 Rb8 38. Rg1 g6 39. hxg6 hxg6 40.
Rxg6 Rb2 41. Rg7+ Kd8 42. Rc1 Rh2 43. Rb1  1-0

[Event "60o Campeonato Brasileiro Feminino Final Aberta"]
[Site "Cuiaba MT"]
[Date "2021.10.31"]
[Round "5"]
[Board "5"]
[White "De Freitas, Isabella Ribeiro Conti"]
[Black "Tamarozi, Isabelle"]
[Result "0-1"]
[WhiteElo "1863"]
[BlackElo "1981"]
[PlyCount "76"]
[EventDate "2021.10.28"]
[EventRounds "11"]
[EventCountry "BRA"]

1. c4 Nf6 2. Nc3 e5 3. g3 d5 4. cxd5 Nxd5 5. Bg2 Nb6 6. Nf3 Nc6 7. O-O Be7 8.
d3 O-O 9. Be3 Be6 10. a3 f5 11. b4 a6 12. Rc1 Bf6 13. Bxb6 cxb6 14. e3 Qc7 15.
Na4 Rad8 16. Qc2 Rd6 17. Rfd1 Rfd8 18. Nd2 Rxd3 19. Nxb6 Qd6 20. Nd5 Rxd5 21.
Bxd5 Qxd5 22. Nc4 Qxc4 23. Rxd8+ Bxd8 24. Qxc4 Bxc4 25. Rxc4 Kf7 26. e4 fxe4
27. Rxe4 Ke6 28. Rc4 Kd5 29. Rg4 Bf6 30. f3 Nd4 31. Kf2 Nb5 32. a4 Nd6 33. h4
h5 34. Rg6 Nf5 35. g4 Nxh4 36. Rxf6 gxf6 37. gxh5 Nf5 38. Kg2 Kc4  0-1

[Event "60o Campeonato Brasileiro Feminino Final Aberta"]
[Site "Cuiaba MT"]
[Date "2021.10.31"]
[Round "5"]
[Board "6"]
[White "Heinrichs, Vivian"]
[Black "Viaro Baccarin, Natalia"]
[Result "1-0"]
[WhiteElo "1974"]
[BlackElo "1865"]
[PlyCount "81"]
[EventDate "2021.10.28"]
[EventRounds "11"]
[EventCountry "BRA"]

1. e4 c5 2. b4 cxb4 3. a3 e5 4. Bb2 d6 5. axb4 Be6 6. Nf3 Nf6 7. Nc3 Be7 8. d4
O-O 9. b5 Nbd7 10. Be2 h6 11. O-O a5 12. bxa6 bxa6 13. h3 exd4 14. Nxd4 Nc5 15.
Nc6 Qc7 16. Nd5 Nxd5 17. exd5 Bf5 18. Re1 Bg5 19. Bg4 Qd7 20. Bxf5 Qxf5 21. Qd4
Qf6 22. Qxf6 Bxf6 23. Bxf6 gxf6 24. Ne7+ Kh7 25. Nf5 Rfd8 26. Ra3 a5 27. c4 a4
28. Nd4 Rd7 29. Rb1 Rb7 30. Rxb7 Nxb7 31. Nb5 Ra6 32. Kf1 Kg6 33. Ke2 Nc5 34.
Ke3 Kf5 35. Kd4 Nb3+ 36. Kc3 Ke5 37. Kb4 Nc5 38. Re3+ Kf4 39. Nxd6 Nb3 40. Nb5
Na1 41. Nd4  1-0

[Event "60o Campeonato Brasileiro Feminino Final Aberta"]
[Site "Cuiaba MT"]
[Date "2021.10.31"]
[Round "5"]
[Board "7"]
[White "Medeiros, Thauane Ferreira"]
[Black "Nakata, Thifanni Harumi"]
[Result "1-0"]
[WhiteElo "1896"]
[BlackElo "1778"]
[PlyCount "44"]
[EventDate "2021.10.28"]
[EventRounds "11"]
[EventCountry "BRA"]

1. d4 d5 2. c4 e6 3. Nc3 Be7 4. Bf4 Nf6 5. e3 O-O 6. c5 b6 7. b4 Ne4 8. Nb5
bxc5 9. Nxc7 cxd4 10. a3 dxe3 11. fxe3 Bh4+ 12. g3 Bf6 13. Rc1 e5 14. Bg2 exf4
15. Nxd5 Bf5 16. Rc4 Nd7 17. Bxe4 Bxe4 18. Rxe4 fxe3 19. Ne2 Re8 20. Rxe8+ Qxe8
21. O-O Bg5 22. Nc7 Qe4  1-0

[Event "60o Campeonato Brasileiro Feminino Final Aberta"]
[Site "Cuiaba MT"]
[Date "2021.10.31"]
[Round "5"]
[Board "8"]
[White "Frattini, Beatriz Maria"]
[Black "Oliveira, Emanuelle Alves"]
[Result "1-0"]
[WhiteElo "1880"]
[BlackElo "1683"]
[PlyCount "69"]
[EventDate "2021.10.28"]
[EventRounds "11"]
[EventCountry "BRA"]

1. e4 c6 2. d4 d5 3. Nc3 dxe4 4. Nxe4 Bf5 5. Ng3 Bg6 6. h4 h6 7. Nf3 e6 8. h5
Bh7 9. Bd3 Bxd3 10. Qxd3 Bd6 11. Ne4 Bc7 12. Bd2 Nf6 13. c4 Nxe4 14. Qxe4 Nd7
15. O-O-O Nf6 16. Qe2 Qb8 17. Bc3 O-O 18. Ne5 Bxe5 19. dxe5 Ne8 20. Bb4 b5 21.
Bxf8 Kxf8 22. cxb5 Qxb5 23. Qxb5 cxb5 24. Rd7 Rc8+ 25. Kb1 Rc7 26. Rhd1 Rc5 27.
f4 Rd5 28. R1xd5 exd5 29. Rxd5 a6 30. Rd7 f6 31. e6 f5 32. Rf7+ Kg8 33. Rxf5
Nf6 34. Rxf6 gxf6 35. g4  1-0

[Event "60o Campeonato Brasileiro Feminino Final Aberta"]
[Site "Cuiaba MT"]
[Date "2021.10.31"]
[Round "5"]
[Board "9"]
[White "Kikuchi Cadilhac, Mariana Sawae"]
[Black "Menezes, Grasielle Da Silv"]
[Result "1-0"]
[WhiteElo "1762"]
[BlackElo "1868"]
[PlyCount "53"]
[EventDate "2021.10.28"]
[EventRounds "11"]
[EventCountry "BRA"]

1. e4 c6 2. d4 d5 3. Nc3 dxe4 4. Nxe4 Bf5 5. Ng3 Bg6 6. Nh3 e6 7. Nf4 Nf6 8.
Bc4 Bd6 9. O-O Qc7 10. Qf3 Nbd7 11. c3 Nd5 12. Nxg6 hxg6 13. h3 N7f6 14. Bg5
O-O-O 15. Bxd5 cxd5 16. Bxf6 gxf6 17. Qxf6 Rh7 18. Qf3 Rdh8 19. Rac1 Rxh3 20.
gxh3 Rxh3 21. Kg2 Rh4 22. Rh1 Rf4 23. Qd3 Qb6 24. b3 e5 25. c4 Rxd4 26. c5 Bxc5
27. Qc2  1-0

[Event "60o Campeonato Brasileiro Feminino Final Aberta"]
[Site "Cuiaba MT"]
[Date "2021.10.31"]
[Round "5"]
[Board "10"]
[White "Felix, Luiza De Oliveira"]
[Black "Bail, Ellen Larissa"]
[Result "0-1"]
[WhiteElo "1599"]
[BlackElo "1833"]
[PlyCount "60"]
[EventDate "2021.10.28"]
[EventRounds "11"]
[EventCountry "BRA"]

1. e4 e6 2. d3 d5 3. Nd2 Nf6 4. Ngf3 c5 5. g3 Nc6 6. Bg2 Be7 7. O-O O-O 8. Re1
Qc7 9. Nf1 b5 10. Bf4 Qb6 11. e5 Nd7 12. h4 Bb7 13. N1h2 Rfc8 14. h5 h6 15. Qd2
Bf8 16. Ng4 Kh7 17. c3 a5 18. Nh4 Ne7 19. Bxh6 gxh6 20. Qf4 Kg8 21. Nxh6+ Bxh6
22. Qxh6 Qd8 23. Ng6 fxg6 24. hxg6 Nf8 25. Bh3 Nexg6 26. Bxe6+ Nxe6 27. Qxg6+
Ng7 28. e6 Qe8 29. Qf6 Ra6 30. Re5 Rxe6  0-1

[Event "60o Campeonato Brasileiro Feminino Final Aberta"]
[Site "Cuiaba MT"]
[Date "2021.10.31"]
[Round "5"]
[Board "11"]
[White "Nunes, Agatha Hurba"]
[Black "Moraes Silva, Natasha Alejandra"]
[Result "1-0"]
[WhiteElo "1797"]
[BlackElo "1436"]
[PlyCount "71"]
[EventDate "2021.10.28"]
[EventRounds "11"]
[EventCountry "BRA"]

1. d4 d5 2. c4 e6 3. cxd5 exd5 4. Nc3 c6 5. Qc2 Bd6 6. Nf3 h6 7. e3 Nf6 8. Bd3
Bg4 9. Nd2 Nbd7 10. O-O Qc7 11. h3 Bxh3 12. gxh3 g5 13. e4 dxe4 14. Ndxe4 Bh2+
15. Kh1 O-O-O 16. f3 Bf4 17. Bxf4 gxf4 18. Nb5 cxb5 19. Nd6+ Kb8 20. Qxc7+ Kxc7
21. Nxf7 a6 22. Rac1+ Kb8 23. Nxh8 Rxh8 24. Bg6 Rg8 25. Bf7 Rg7 26. Be6 Nh5 27.
Rf2 Ng3+ 28. Kh2 Nb6 29. b3 Re7 30. d5 Nh5 31. Bg4 Nf6 32. d6 Nxg4+ 33. fxg4
Rd7 34. Rd1 Nc8 35. Rxf4 Nxd6 36. Rf6  1-0